[Event "I IRT CXG 2025"]
[Site "Rio de Janeiro"]
[Date "2025.04.08"]
[Round "6.4"]
[White "Manzi, Luiz Antonio Bardar"]
[Black "Rabello, David Sousa"]
[Result "1-0"]
[WhiteElo "1996"]
[BlackElo "1894"]
[Annotator "Chessbase - SF 17.1"]
[PlyCount "45"]
[EventDate "2025.??.??"]
[EventCountry "BRA"]

1. e4 {[%eval 18,0]} c5 {[%eval 25,0]} 2. Nf3 {[%eval 2,0]} a6 {[%eval 5,0]} 3. c4 {[%eval 52,0]} e6 {[%eval 52,0]} 4. Nc3 {[%eval 47,0]} g6 $6 {[%eval 114,0] Inaccuracy. Nc6 was best.} (4... Nf6 5. Be2 d5 6. exd5 exd5 7. d4 dxc4 8. Bxc4 b5 9. Be2 Bb7 10. O-O Nbd7 11. dxc5 Bxc5 12. Bf4 O-O 13. Bd6 Re8 14. Bxc5 Nxc5 15. Qxd8 Raxd8 16. a3 Nd5 17. Rfe1 Nf4 18. Bf1 Bxf3 19. gxf3 {Subelj,J (2513)-Carlsen,M (2829) chess.com INT 2023 0-1}) (4... b6 5. d4 cxd4 6. Nxd4 Qc7 7. Be2 Nf6 8. f3 Bb7 9. Be3 Nc6 10. Rc1 Ne5 11. b3 Ng6 12. Qd2 h5 13. O-O h4 14. Rfd1 Bd6 15. h3 Bh2+ 16. Kh1 Nh5 17. Bf2 Bf4 18. Be3 Bh2 19. Bf2 {Swara Lakshmi S Nair (2018)-Marcziter,D (2220) chess.com INT 2024 0-1 (44)}) (4... d6 5. Be2 e5 6. O-O g6 7. a3 Nc6 8. Rb1 Bg7 9. b4 Nge7 10. d3 O-O 11. Bg5 h6 12. Be3 b6 13. Qd2 Kh7 14. Ne1 f5 15. exf5 gxf5 16. f4 Nd4 17. Nf3 Ng6 18. Nd5 Be6 19. bxc5 bxc5 20. Rb7 Rf7 21. Rxf7 Bxf7 22. fxe5 dxe5 23. Bd1 Be6 24. Nxd4 cxd4 25. Bf2 Rb8 26. Bf3 Rb3 27. h3 a5 28. a4 Ne7 29. Bh4 Bxd5 30. Bxd5 e4 31. dxe4 d3 32. exf5 Qb6+ 33. Bf2 Bd4 34. Be4 {½-½ Svane,F (2618)-Maghsoodloo,P (2719) Titled Tuesday intern op 11th Jul Late Chess.com INT blitz 2023 (9)}) (4... Nc6 5. d4 cxd4 6. Nxd4 Bc5 7. Nxc6 bxc6 8. Na4 Bb4+ 9. Bd2) 5. d4 {[%eval 108,0]} cxd4 $146 {[%eval 128,0]} (5... Bg7 6. Be3 Qb6 7. Qd2 cxd4 8. Nxd4 Qc7 9. Be2 Nc6 10. O-O h5 11. f4 Nh6 12. Nxc6 dxc6 13. Bd4 $2 (13. Bc5 $18) 13... Bxd4+ 14. Qxd4 Rg8 $2 (14... e5 $16 15. fxe5 Bg4) 15. Rad1 $18 c5 16. Qf6 Ng4 $2 (16... Qe7 17. Qg5 Rh8) 17. Bxg4 $18 hxg4 18. e5 {aiming for Rd6.} g3 (18... Bd7 19. Rd6 Qd8) 19. hxg3 Bd7 20. Ne4 {Framberk,J (2029)-Fusek,L (1833) Kouty nad Desnou 2010 ½-½ (42)}) 6. Qxd4 {[%eval 109,0] [#]} Nf6 $146 {[%eval 108,0]} (6... f6 7. Be3 Nc6 8. Qd2 Bg7 9. Be2 Nge7 10. O-O O-O 11. Qd6 h6 12. Na4 Rb8 13. Bb6 Qe8 14. Bc7 Ra8 15. Nb6 Ra7 16. Nd4 Nxd4 17. Qxd4 Nc6 18. Qd6 f5 19. Qg3 Bxb2 20. Rab1 Bg7 21. Bb8 Kh7 22. Bxa7 Nxa7 23. Qb8 Nc6 24. Qxc8 Qxc8 25. Nxc8 Rxc8 26. exf5 Nd4 27. fxg6+ Kxg6 28. Bd3+ Kf7 29. Rxb7 Ke7 30. Rfb1 h5 31. Ra7 h4 32. Rbb7 Rd8 33. Rxa6 h3 34. c5 Rc8 35. Rd6 Be5 36. Rbxd7+ {1-0 Bui,B (1617)-Lox,N (1321) GER-ch U10 Willingen 2016 (1.4)}) 7. Bg5 {[%eval 92,0]} Bg7 $4 {[%eval 392,0][%mdl 8192] Blunder. Be7 was best. [#]} (7... Be7 8. e5 Nc6 9. Qe3 Ng4 10. Bxe7 Qxe7 11. Qf4 f5 12. h3) 8. e5 $1 $18 {[%eval 457,0]} Nc6 {[%eval 409,0]} 9. Qh4 $6 {[%eval 354,0] Inaccuracy. exf6 was best.} (9. Bxf6 Nxd4 10. Bxd8 Nxf3+ 11. gxf3 Kxd8 $15) (9. exf6 Nxd4 10. fxg7 Rg8 11. Bxd8 Nxf3+ 12. gxf3 Kxd8 13. Rg1 b6 14. f4 Bb7) 9... h6 $6 {[%eval 557,0] Inaccuracy. Nxe5 was best.} (9... Nxe5 10. Nxe5 h6 11. Be3 d6 12. Nd3 e5 13. Be2 g5 14. Qg3 O-O 15. Rd1) 10. Bxf6 {[%eval 523,0] White is clearly winning.} Bxf6 {[%eval 526,0]} 11. Qxf6 {[%eval 521,0]} Qxf6 {[%eval 516,0]} 12. exf6 {[%eval 513,0]} Nb4 {[%eval 559,0]} 13. O-O-O {[%eval 582,0] Prevents Nc2.} O-O {[%eval 567,0]} 14. Ne5 {[%eval 545,0]} d5 {[%eval 546,0]} 15. h4 {[%eval 548,0][%cal Bh2h4,Bh4h5][%mdl 32]} a5 {[%eval 564,0]} 16. h5 {[%eval 539,0]} g5 {[%eval 542,0]} 17. Ng4 {[%eval 497,0]} Kh7 {[%eval 569,0]} 18. a3 {[%eval 506,0]} d4 {[%eval 643,0]} 19. Nb5 {[%eval 639,0]} e5 {[%eval 637,0]} 20. Nxe5 {[%eval 636,0]} Nc6 {[%eval 644,0]} 21. Bd3+ {[%eval 639,0]} Kg8 {[%eval 718,0]} 22. Nxc6 {[%eval 713,0]} bxc6 {[%eval 609,0]} 23. Nxd4 {[%eval 673,0] Weighted Error Value: White=0.31/Black=0.63 PRECISÃO SF 17.1: BRANCAS 97% PRETAS 84%} 1-0

[Event "I IRT CXG 2025"]
[Site "Rio de Janeiro"]
[Date "2025.04.08"]
[Round "6.5"]
[White "Ramos, Angelo Bil"]
[Black "Nogueira, Adnilton Correia de"]
[Result "1-0"]
[WhiteElo "1995"]
[BlackElo "1745"]
[Annotator "Chessbase - SF 17.1"]
[PlyCount "83"]
[EventDate "2025.??.??"]
[EventCountry "BRA"]

1. d4 {[%eval 17,0]} Nf6 {[%eval 19,0]} 2. c4 {[%eval 18,0]} e6 {[%eval 14,0]} 3. Nc3 {[%eval 9,0]} c6 $6 {[%eval 78,0] Inaccuracy. Bb4 was best.} (3... Bb4 4. Nf3 O-O 5. e3 d5 6. Bd3 dxc4 7. Bxc4 c5 8. O-O) 4. e4 {[%eval 82,0]} Bb4 {[%eval 114,0]} 5. Qc2 $6 {[%eval 56,0] Inaccuracy. e5 was best.} (5. e5 Ne4 6. Qc2 (6. a3 Nxc3 7. Qg4 Bf8 8. bxc3 h5 9. Qf4 d6) 6... d5 7. exd6 Nxd6 8. Bd3 c5 9. a3 cxd4 10. axb4 dxc3 11. bxc3 Nc6 12. Nf3 Qf6 13. Bg5 Nxb4 14. Qa4+ Bd7 15. Qxb4 a5 16. Bxf6 {1-0 (16) Kornyukov,A (2452)-Cella,G (1961) Chess.com INT 2021}) (5. Bd3 Qa5 6. Bd2 O-O 7. Nf3 d5 8. e5 Ne8 9. Bxh7+ Kh8 10. Ng5 Be7 11. Qh5 Bxg5 12. Bxg5 {1-0 (12) Guerrero Orihuela,J (1862)-Suarez Cardero,I (1446) Vecindario ESP 2023}) 5... h6 $6 $146 {[%eval 153,0] Inaccuracy. c5 was best. [#]} (5... d6 6. Bd3 O-O 7. e5 dxe5 8. dxe5 Ng4 9. Bxh7+ Kh8 10. Qe4 $4 {[%mdl 8192]} (10. Nf3 $18 {avoids the disaster.}) 10... Qh4 $2 (10... f5 $19 11. Qe2 Bxc3+ 12. bxc3 Qa5) 11. g3 $2 (11. Qe2 {and White stays safe.} Nd7 12. Bc2 Ngxe5 13. Nh3) 11... Qxh7 $2 (11... f5 $1 $19 12. gxh4 fxe4 13. Bxe4 Nxf2) 12. Qxg4 Qd3 13. Nge2 Rd8 $2 (13... Nd7 $14) 14. O-O $18 Nd7 $2 (14... Qh7 15. Bg5 Rd3) 15. Qh4+ $18 Kg8 16. Qxd8+ Kh7 17. Rd1 Qf5 18. Rxd7 Bc5 19. Qh4+ Kg6 20. Nf4+ {Barbe,T-Namazi,M Hengelo 2001 1-0}) (5... c5 6. d5 d6 7. Bd3 O-O 8. Nge2 Nbd7 9. O-O Ne5 10. Ng3) (5... d5 6. Bg5 {And now e5 would win.} (6. e5 Ne4 (6... Nfd7 7. Bd3 dxc4 8. Bxc4 Nb6 9. Bd3 Qxd4 10. Nf3 Qd8 11. Bg5 Be7 12. h4 h6 13. Bxe7 Qxe7 14. O-O-O N8d7 15. Ne4 O-O 16. g4 Nd5 17. g5 h5 18. Nf6+ gxf6 19. gxf6 N7xf6 20. exf6 Qxf6 21. Rhg1+ Kh8 22. Ng5 e5 23. Qe2 Bg4 24. Rxg4 hxg4 25. Kb1 Nf4 26. Qxg4 Rad8 27. Qf3 Rxd3 28. Rxd3 Qg6 29. Ne4 Nxd3 30. Qxd3 Kg7 31. a3 f5 32. Nc5 Rf7 33. Qc3 Qd6 34. h5 Qd1+ 35. Ka2 {0-1 Martin Carmona,G (2317)-Iliaguev,N (2412) Titled Tuesday intern op 7th Mar Late Chess.com INT blitz 2023 (5)}) 7. Bd2 Nxd2 8. Qxd2 O-O 9. Nf3 (9. a3 $5 {[%cal Ra3b4]} Ba5 10. Nf3) 9... Nd7 10. c5 $2 (10. a3 Ba5 11. Be2) 10... Qc7 11. Bd3 b6 12. a3 Bxc3 13. Qxc3 Rb8 14. Bxh7+ Kxh7 15. Ng5+ Kh6 $2 {[%mdl 8192]} (15... Kg8 16. Qh3 Re8 17. Qh7+ Kf8 18. cxb6 Rxb6) 16. f4 $2 (16. Qh3+ Kxg5 17. f4+ Kg6 18. g4 Qxe5+ 19. dxe5) 16... Nf6 $18 17. Qg3 $2 (17. g4 $18 {and White stays clearly on top.}) 17... Nh5 $16 18. Qh4 f6 $2 {[%mdl 8192]} (18... bxc5 $16 {is a better chance.} 19. g4 g6) 19. g4 $18 g6 20. Nh3 {Bescos Cortes,D (2095)-Ramiro Ovejero,J Zaragoza 1995 1-0 (63)}) 6... h6 7. Bxf6 Qxf6 8. e5 Qf4 9. Nge2 Qg5 10. c5 b6 11. a3 Bxc3+ 12. Qxc3 bxc5 13. Qxc5 Qe7 14. b4 Qxc5 (14... a5 $5 {[%cal Ra5b4]} 15. Rb1 axb4 16. axb4 Qxc5 17. bxc5 Nd7) 15. bxc5 O-O 16. Nf4 Ba6 17. Bxa6 Nxa6 18. Ke2 Rab8 19. Rab1 Nc7 20. a4 {Gocza,B-Toth,L (2265) Hungary 2004 ½-½ (61)}) 6. Bd2 $146 {[%eval 111,0]} (6. e5 Nh7 7. Bd3 Nf8 8. Nf3 d5 9. O-O dxc4 10. Bxc4 Bxc3 11. bxc3 b5 12. Bd3 Bb7 13. Nd2 Nfd7 14. Ne4 O-O 15. f4 f5 16. Nd6 Bc8 17. Qb3 Nb6 18. Bxf5 Nd5 19. Bb1 Ne7 20. f5 Nd5 21. f6 gxf6 22. Bxh6 f5 23. c4 Qh4 24. Qg3+ Qxg3 25. hxg3 Ne7 26. Bxf8 Kxf8 27. g4 Bd7 28. gxf5 exf5 29. Bxf5 Nxf5 30. g4 bxc4 31. gxf5 Be8 32. Nxe8 Kxe8 33. Rac1 a5 34. Rxc4 Ra6 35. Rb1 Nd7 {1-0 Obers,F (2071)-Betari,A Gibraltar Masters 2007 (5)}) 6... d6 {[%eval 164,0]} 7. Bd3 $6 {[%eval 57,0] Inaccuracy. e5 was best.} (7. e5 Nfd7 8. f4 O-O 9. Nf3 c5 10. Nb5 Bxd2+ 11. Qxd2 cxd4 12. Nxd6 Nc6) 7... Nbd7 {[%eval 67,0]} 8. a3 {[%eval 79,0] White is better.} Ba5 {[%eval 78,0]} 9. Nf3 {[%eval 65,0]} e5 {[%eval 72,0]} 10. O-O {[%eval 56,0]} O-O {[%eval 61,0]} 11. b4 {[%eval 58,0]} Bc7 {[%eval 89,0]} 12. d5 {[%eval 94,0]} c5 {[%eval 141,0]} 13. Ne2 {[%eval 116,0]} a5 {[%eval 147,0]} 14. bxc5 $2 {[%eval 19,0] Mistake. b5 was best.} (14. b5 a4 15. Kh1 Kh8 16. Nc3 Ba5 17. Nxa4 Nh5 18. Nb2 Bxd2 19. Nxd2 Nf4) 14... Nxc5 {[%eval 22,0]} 15. h3 {[%eval 22,0]} Nxd3 {[%eval 45,0]} 16. Qxd3 {[%eval 44,0]} Nd7 {[%eval 4,0][%cal Bf6d7,Bd7c5,Bc5b3,Bb3d2][%mdl 32]} 17. Ng3 {[%eval 48,0]} Nc5 {[%eval 25,0]} 18. Qc2 {[%eval 25,0]} a4 {[%eval 22,0]} 19. Rab1 {[%eval 37,0]} Ba5 {[%eval 48,0]} 20. Be3 {[%eval 22,0]} Nb3 {[%eval 27,0]} 21. Nd2 {[%eval 23,0]} Bxd2 {[%eval 23,0]} 22. Bxd2 {[%eval 39,0]} Nxd2 $6 {[%eval 125,0] Inaccuracy. Bd7 was best.} (22... Bd7) 23. Qxd2 {[%eval 128,0]} Qa5 {[%eval 108,0]} 24. Qc2 {[%eval 141,0]} Qc5 {[%eval 134,0]} 25. Qc3 {[%eval 98,0] aiming for Rb5.} Bd7 $2 {[%eval 282,0] Mistake. f5 was best. [#] Inhibits Rb5.} (25... f5 26. exf5) 26. Rxb7 $18 {[%eval 208,0]} Ra7 {[%eval 288,0]} 27. Rfb1 {[%eval 266,0]} Rxb7 {[%eval 308,0]} 28. Rxb7 {[%eval 208,0]} Bc8 $6 {[%eval 361,0] Inaccuracy. Rd8 was best.} (28... Rd8 29. Qb4 Qxb4 30. Rxb4 Kf8 31. Kf1 g6 32. Ke2 h5 33. Kd3 Ke7 34. h4) 29. Rb5 {[%eval 322,0]} Qc7 {[%eval 391,0]} 30. c5 {[%eval 406,0][%cal Bc4c5,Bc5c6][%mdl 32]} f5 {[%eval 459,0]} 31. c6 {[%eval 401,0]} f4 {[%eval 415,0]} 32. Nf5 {[%eval 403,0]} Kh7 {[%eval 448,0]} 33. Qb4 {[%eval 423,0][%csl Ba4,Bd6]} Rf6 $6 {[%eval 551,0] Inaccuracy. Bxf5 was best.} (33... Bxf5 34. exf5 Qe7 35. Qb1 e4 36. f6 Qe5 37. Rb4 Qxd5 38. Rxe4 Qb3 39. Qc1) 34. Rb8 {[%eval 535,0]} Bxf5 {[%eval 505,0]} 35. exf5 {[%eval 408,0]} Rxf5 $6 {[%eval 619,0][%mdl 4096] Inaccuracy. Qf7 was best. Endgame KQR-KQR} (35... Qf7 36. Qc4 Qc7 37. Rb7 Qc8 38. Qc2 h5 39. Rd7 Qe8 40. c7 Qxd7 41. c8=Q) 36. Rb7 {[%eval 614,0]} Qc8 {[%eval 619,0]} 37. Qxd6 {[%eval 563,0]} Rg5 {[%eval 602,0]} 38. Qd7 {[%eval 587,0]} Qf8 {[%eval 613,0]} 39. h4 {[%eval 594,0]} Rg6 {[%eval 558,0]} 40. Qf7 {[%eval 557,0]} Qxa3 {[%eval 701,0]} 41. Rb8 {[%eval 619,0][%csl Gb8][%cal Rf7g8] [#]} Rxg2+ $4 {[%eval 32752,0] Checkmate is now unavoidable. Rxc6 was best.} (41... Rxc6 42. Qf5+ Rg6 43. h5 Qd6 44. Ra8 a3 45. hxg6+ Qxg6 46. Qxg6+ Kxg6 47. Rxa3) 42. Kxg2 {[%eval 32730,0] Weighted Error Value: White=0.32/Black=0.64 PRECISÃO SF 17.1: BRANCAS 93% PRETAS 89%} 1-0

[Event "I IRT CXG 2025"]
[Site "Rio de Janeiro"]
[Date "2025.04.15"]
[Round "7.1"]
[White "Nogueira, Adnilton Correia de"]
[Black "Macario, Jorge Luiz das Chag"]
[Result "0-1"]
[WhiteElo "1745"]
[BlackElo "1787"]
[Annotator "Chessbase - SF 17.1"]
[PlyCount "78"]
[EventDate "2025.??.??"]
[EventCountry "BRA"]

1. d4 {[%eval 17,0]} d5 {[%eval 2,0]} 2. Nf3 {[%eval 8,0]} Nf6 {[%eval 11,0]} 3. c4 {[%eval 22,0]} e6 {[%eval 17,0]} 4. e3 {[%eval 0,0]} c6 {[%eval 28,0]} 5. Nc3 {[%eval 13,0]} dxc4 $6 {[%eval 75,26] [%wdl 307,689,4] Inaccuracy. a6 was best.} (5... Nbd7 {[%eval 13,28] [%wdl 61,910,29]}) (5... a6 6. c5 Nbd7 7. Qc2 b6 8. cxb6 Qxb6 9. Bd3 a5 10. Na4) 6. Bxc4 $16 {[%eval 6,0]} b5 {[%eval 72,0]} 7. Bd3 {[%eval 77,0]} Bb7 {[%eval 79,0]} 8. O-O {[%eval 97,0] White is better.} (8. e4 a6 9. O-O c5 10. dxc5 {[%eval 51,26] [%wdl 159,835,6]} (10. d5 $16 {[%eval 113,21] [%wdl 604,395,1]}) 10... Bxc5 $14 11. Qe2 (11. e5 $5 {[%cal Re5f6]} Nd5 12. a4 $14) 11... Nbd7 12. Rd1 {[%eval -43,27] [%wdl 7,874,119]} (12. e5 $14 {[%eval 44,26] [%wdl 124,870,6]} Nd5 13. a4) 12... Qc7 {[%eval 48,22] [%wdl 140,854,6]} (12... Ng4 $15 {[%eval -43,27] [%wdl 7,874,119]} 13. Rf1 O-O) 13. Bg5 (13. e5 $5 {[%cal Re5f6]} Ng4 14. Ne4) 13... Ne5 $2 {[%eval 263,26] [%wdl 997,3,0][%mdl 8192]} (13... O-O {[%eval -2,34] [%wdl 27,941,32]}) 14. Nxe5 $2 {[%eval 1,30] [%wdl 24,955,21]} (14. Bxb5+ $1 $18 {[%eval 263,26] [%wdl 997,3,0][%mdl 512]} Kf8 15. Ba4) 14... Qxe5 15. Bxf6 gxf6 16. Bxb5+ axb5 17. Qxb5+ Kf8 18. Qxb7 Rb8 $1 {[%cal Rb8b7]} 19. Qc6 $2 {[%eval -236,31] [%wdl 0,1,999]} (19. Qa6 $1 $15 {[%eval -63,26] [%wdl 0,873,127]} Rxb2 20. Ne2) 19... Rxb2 20. Na4 Bxf2+ 21. Kh1 Rb8 22. Rac1 {[%eval -252,23] [%wdl 0,0,1000]} (22. Qc3 $17 {[%eval -145,28] [%wdl 0,82,918] was called for.}) 22... Kg7 {Gatineau,Y (2316)-Sadhwani,R (2434) Chess.com INT 2018 0-1 (34)}) 8... Be7 {[%eval 147,0]} (8... Nbd7 9. e4 a6 {[%eval 246,22] [%wdl 992,8,0]} (9... b4 $16 {[%eval 112,25] [%wdl 596,403,1]}) 10. Bg5 $2 {[%eval 71,25] [%wdl 277,720,3]} (10. e5 $1 $18 {[%eval 246,22] [%wdl 992,8,0][%cal Re5f6]}) 10... Be7 {[%eval 170,23] [%wdl 910,90,0]} (10... h6 $16 {[%eval 71,25] [%wdl 277,720,3]} 11. Bf4 g5) 11. Qe2 {[%eval 33,27] [%wdl 97,891,12]} (11. e5 $1 $18 {[%eval 170,23] [%wdl 910,90,0][%cal Re5f6]}) 11... O-O {[%eval 169,25] [%wdl 909,91,0]} (11... c5 $14 {[%eval 33,27] [%wdl 97,891,12]}) 12. e5 $1 $18 Nd5 {[%eval 268,27] [%wdl 996,4,0]} (12... Nh5 {[%eval 172,27] [%wdl 917,83,0]}) 13. Qe4 $18 {[%csl Gd3][%cal Re4h7]} g6 14. Bh6 {[%eval 90,28] [%wdl 419,579,2]} (14. Qh4 $1 $18 {[%eval 240,23] [%wdl 991,9,0] is the precise move to win.} f6 15. exf6 N7xf6 16. Qh3) 14... Re8 {[%eval 161,23] [%wdl 884,116,0]} (14... c5 $16 {[%eval 90,28] [%wdl 419,579,2]}) 15. Nxd5 $18 cxd5 {[%eval 296,26] [%wdl 999,1,0]} (15... exd5 {[%eval 171,28] [%wdl 927,73,0]} 16. Qg4 Nf8) 16. Qg4 Bf8 17. Bg5 Qb6 18. h4 h5 19. Qf4 Bg7 20. Bh6 Re7 21. Rae1 Qd8 22. Bg5 Qf8 23. Bxe7 {Goriatchkin,J (2318)-Portal Ramos,C (2195) chess.com INT 2024 1-0 (54)}) 9. a3 {[%eval 85,27] [%wdl 376,622,2]} (9. e4 {[%eval 145,23] [%wdl 814,186,0]}) 9... O-O {[%eval 135,0]} 10. b4 $6 $146 {[%eval 21,23] [%wdl 68,914,18] Inaccuracy. e4 was best.} (10. Ne4 {[%eval 38,32] [%wdl 113,877,10] 10.e4 1.36} Nbd7 11. Qc2 Rc8 {[%eval 119,24] [%wdl 654,345,1]} (11... c5 {[%eval 9,29] [%wdl 47,927,26]}) 12. b4 {Black must now prevent Nc5.} a5 {[%eval 170,23] [%wdl 910,90,0]} (12... Nxe4 $14 {[%eval 70,28] [%wdl 270,726,4]} 13. Bxe4 f5) 13. Nc5 $1 $18 Nxc5 {[%eval 228,20] [%wdl 990,10,0]} (13... Qc7 $16 {[%eval 159,26] [%wdl 876,124,0]} 14. Nxb7 Qxb7) 14. dxc5 $18 h6 15. Rd1 {[%cal Bd3h7]} Qc7 16. Bb2 {Threatens to win with Be5.} Nd7 {Inhibits Be5.} 17. bxa5 {[%eval 71,24] [%wdl 240,759,1]} (17. Rd2 $18 {[%eval 194,23] [%wdl 974,26,0]}) 17... Bf6 $2 {[%eval 232,24] [%wdl 995,5,0]} (17... Ra8 $16 {[%eval 71,24] [%wdl 240,759,1] might work better.}) 18. Bxf6 $18 Nxf6 19. a4 Ra8 20. axb5 cxb5 21. Bxb5 $2 {[%eval 24,27] [%wdl 27,970,3]} (21. Nd4 $18 {[%eval 245,25] [%wdl 999,1,0]}) 21... Bxf3 {[%eval 94,27] [%wdl 421,579,0]} (21... Rxa5 {[%eval 24,27] [%wdl 27,970,3]} 22. Rxa5 Qxa5) 22. gxf3 $16 {a6 is the strong threat.} Rxa5 23. Rxa5 Qxa5 24. Qc4 Rb8 {Weiermann,E (1620)-Stoffers,E (1394) Germany 2010 1-0 (41)}) (10. e4 Nfd7 11. Qc2 a5 12. Rd1 h6 13. Be3 Nb6 14. Ne2 N8d7 15. Ng3 Re8) 10... a5 {[%eval 19,0]} 11. bxa5 {[%eval 17,0]} Rxa5 {[%eval 4,0]} 12. Ne4 {[%eval 22,0]} Nxe4 {[%eval 24,0]} 13. Bxe4 {[%eval 18,0]} Qb6 $6 {[%eval 60,24] [%wdl 167,832,1] Inaccuracy. Nd7 was best.} (13... Nd7 14. Nd2 Qa8 15. Nb3 Ra4 16. Bd2 Bxa3 17. Rxa3 Rxa3 18. Bb4 h6 19. Bxa3) 14. Ne5 $6 {[%eval -3,26] [%wdl 15,966,19] Inaccuracy. Bd2 was best.} (14. Bd2 Ra4) 14... Qa6 $6 {[%eval 97,25] [%wdl 469,531,0] Inaccuracy. c5 was best.} (14... c5 15. Bxb7 Qxb7) 15. Qb3 $6 {[%eval 24,26] [%wdl 44,950,6] Inaccuracy. Qc2 was best.} (15. Qh5 $6 g6 16. Qh6 c5 17. Bxb7 Qxb7 $14) (15. Qc2 g6 16. Bb2 Bf6 17. Rad1 Bxe5 18. dxe5 c5 19. Rd6 Qa7 20. Bxb7 Qxb7) 15... b4 $2 {[%eval 173,27] [%wdl 950,50,0] Mistake. c5 was best.} (15... c5 16. Bxb7 Qxb7) 16. a4 $4 {[%eval -30,25] [%wdl 5,941,54] Blunder. Nc4 was best.} (16. Nc4 Rb5 17. Qb1 Rh5 18. Bd3 c5 19. axb4 Qc6 20. e4 cxb4 21. Bf4 Qd7) 16... c5 {[%eval 31,0]} 17. Bd3 $6 {[%eval -88,30] [%wdl 0,621,379] Inaccuracy. Bxb7 was best.} (17. Bxb7 Qxb7 18. Nc4 (18. Bb2 cxd4 19. Bxd4 Nc6 20. Nxc6 Qxc6 21. Rfc1 Qb7 22. f4 Rfa8)) 17... Qa8 $1 $17 {[%eval 89,0]} 18. Nc4 {[%eval -77,0]} Bd5 $6 {[%eval -41,28] [%wdl 3,912,85] Inaccuracy. Ra6 was best.} (18... Bxg2 $17 {[%eval -103,26] [%wdl 0,468,532] Hoping for ...Bh3.} 19. Nxa5 Bxf1 20. Bxf1 Qxa5 21. dxc5 Qxc5) (18... Ra6 19. e4) 19. Qc2 $15 {[%eval 35,0]} Bxc4 {[%eval 48,0]} 20. Bxc4 {[%eval 68,0]} cxd4 {[%eval 22,0]} 21. exd4 {[%eval 29,0]} Rc8 {[%eval 31,0] [#] aiming for ...Qc6.} 22. Qb3 {[%eval 29,0][%cal Bc4e6]} Nc6 {[%eval 31,0]} 23. Be3 {[%eval 34,0]} Bf6 {[%eval 25,0]} 24. Bb5 $2 {[%eval -168,31] [%wdl 0,38,962] Mistake. Rfd1 was best.} (24. Rfd1 Rd8) 24... Nxd4 $19 {[%eval -52,0]} 25. Bxd4 {[%eval -64,0]} Bxd4 {[%eval -64,0]} 26. Rad1 {[%eval -57,0]} Bc3 {[%eval -65,0]} 27. Rd7 $6 {[%eval -228,21] [%wdl 0,1,999] Inaccuracy. Rd6 was best.} (27. Rd6 Ra7 28. Rfd1 g6 29. Bd7 Rf8 30. Bc6 Qb8 31. g3 Rc8 32. Bb5 Bf6) 27... Ra7 {[%eval -5,0]} 28. Rfd1 {[%eval -196,0]} Rxd7 {[%eval -91,0]} 29. Rxd7 {[%eval -91,0]} Rd8 $6 {[%eval -124,36] [%wdl 0,201,799] Inaccuracy. Rc5 was best.} (29... g6 $19 {[%eval -217,26] [%wdl 0,1,999] Strongly threatening ...Qe4.} 30. g3 Rc5) (29... Rc5) 30. Qd1 {[%eval -181,26] [%wdl 0,10,990]} (30. Rxd8+ $17 {[%eval -124,36] [%wdl 0,201,799]} Qxd8 31. g3) 30... Rxd7 {[%eval -32,0]} 31. Qxd7 {[%eval -12,0][%cal Ba4a5][%mdl 4096] Endgame KQB-KQB} g6 $6 {[%eval -114,31] [%wdl 0,302,698] Inaccuracy. b3 was best.} (31... b3 32. Qc6 Qxc6 33. Bxc6 Kf8) 32. Bc6 $2 {[%eval -346,24] [%wdl 0,0,1000] Mistake. Qd1 was best.} (32. Qd3 $17 {[%eval -114,31] [%wdl 0,302,698]}) (32. Qd1) 32... Qa5 {[%eval -191,0]} 33. Qb7 {[%eval -104,0]} Qc5 {[%eval -108,0]} 34. Be8 {[%eval -255,0]} Qf5 {[%eval -296,0][%cal Rf5b1] [#]} 35. g3 $2 {[%eval -655,24] [%wdl 0,0,1000] Mistake. h3 was best.} (35. h3 Bd4 36. Qf3 Qxf3 37. gxf3 b3 38. Bc6 Bb6 39. Be4 f5 40. Bd3 Kg7) 35... Bd4 {[%eval -434,0]} 36. Qg2 {[%eval -447,0]} Qb1+ $2 {[%eval -254,0] Mistake. b3 was best.} (36... b3 37. Bc6 b2 38. Be4 b1=Q+ 39. Bxb1 Qxb1+ 40. Qf1 Qxf1+ 41. Kxf1 Bb6 42. Ke2) 37. Qf1 {[%eval -293,0]} Qa2 {[%eval -216,0]} 38. Bb5 {[%eval -226,0]} b3 {[%eval -238,0][%cal Bb4b3,Bb3b2][%mdl 32]} 39. Qe1 {[%eval -252,0]} b2 {[%eval -235,0] Weighted Error Value: White=0.63/Black=0.37 PRECISÃO STOCKFISH 17.1: BRANCAS 87% PRETAS 91%} 0-1